<?xml version="1.0" encoding="UTF-8"?>
<record
    xmlns:xsi="http://www.w3.org/2001/XMLSchema-instance"
    xsi:schemaLocation="http://www.loc.gov/MARC21/slim http://www.loc.gov/standards/marcxml/schema/MARC21slim.xsd"
    xmlns="http://www.loc.gov/MARC21/slim">

  <leader>02978nam a22004454a 4500</leader>
  <controlfield tag="001">36625</controlfield>
  <controlfield tag="003">BD-RjUL</controlfield>
  <controlfield tag="005">20211209052518.0</controlfield>
  <controlfield tag="008">140804s2006    njua     b    001 0 eng</controlfield>
  <datafield tag="020" ind1=" " ind2=" ">
    <subfield code="a">1588293467 (alk. paper)</subfield>
  </datafield>
  <datafield tag="035" ind1=" " ind2=" ">
    <subfield code="a">(BD-RjUL)36726</subfield>
  </datafield>
  <datafield tag="040" ind1=" " ind2=" ">
    <subfield code="a">DNLM/DLC</subfield>
    <subfield code="c">DLC</subfield>
    <subfield code="d">DLC</subfield>
    <subfield code="d">BD-RjUL</subfield>
    <subfield code="b">eng</subfield>
  </datafield>
  <datafield tag="041" ind1=" " ind2=" ">
    <subfield code="a">eng</subfield>
  </datafield>
  <datafield tag="060" ind1=" " ind2="0">
    <subfield code="a">W1</subfield>
    <subfield code="b">ME9616J v.316 2005</subfield>
  </datafield>
  <datafield tag="060" ind1="1" ind2="0">
    <subfield code="a">QV 744</subfield>
    <subfield code="b">B6136 2005</subfield>
  </datafield>
  <datafield tag="082" ind1="0" ind2="0">
    <subfield code="a">615.19</subfield>
    <subfield code="2">22</subfield>
    <subfield code="b">BIO 2006</subfield>
  </datafield>
  <datafield tag="245" ind1="0" ind2="0">
    <subfield code="a">Bioinformatics and drug discovery /</subfield>
    <subfield code="c">edited by Richard S. Larson.</subfield>
  </datafield>
  <datafield tag="260" ind1=" " ind2=" ">
    <subfield code="a">Totowa, N.J. :</subfield>
    <subfield code="b">Humana Press,</subfield>
    <subfield code="c">c2005.</subfield>
  </datafield>
  <datafield tag="300" ind1=" " ind2=" ">
    <subfield code="a">x, 444 p. :</subfield>
    <subfield code="b">ill. ;</subfield>
    <subfield code="c">24 cm.</subfield>
  </datafield>
  <datafield tag="490" ind1="1" ind2=" ">
    <subfield code="a">Methods in molecular biology ;</subfield>
    <subfield code="v">316</subfield>
  </datafield>
  <datafield tag="504" ind1=" " ind2=" ">
    <subfield code="a">Includes bibliographical references and index.</subfield>
  </datafield>
  <datafield tag="505" ind1="0" ind2=" ">
    <subfield code="a">New strategies in drug discovery / Eliot H. Ohlstein ... [et al.] -- Basic microarray analysis : strategies for successful experiments / Scott A. Ness -- From microarray to biological networks : analysis of gene expression profiles / Xiwei Wu and T. Gregory Dewey -- Microarray analysis in drug discovery and clinical applications / Siqun Wang and Qiong Cheng -- Ontology-driven approaches to analyzing data in functional genomics / Francisco Azuje, Fatima Al-Shahrour, and Joaquin Dopazo -- Gene evolution and drug discovery / James O. McInerney ... [et al.] -- Standardization of microarray and pharmacogenomics data / Cassey S. Husser ... [et al.] -- Clinical applications of bioinformatics, genomics, and pharmacogenomics / Omer Iqbal --</subfield>
  </datafield>
  <datafield tag="505" ind1="0" ind2=" ">
    <subfield code="a">Protein interactions probed with mass spectrometry / Suma Kaveti and John R. Engen -- Discovering new drug targeting sites on flexible multidomain protein kinases : -- Combining segmental isotopic and site-directed spin labeling for NMR dectection of interfacial clefts / Thomas K. Harris -- NMR-based screening methods for drug discovery / Laurel Sillerud and Richard S. Larson -- Receptor binding sites : bioinformatic approaches / Darren R. Flower -- In silico protein design : fitting sequence onto structure / Bassil I. Dahiyat -- Chemical database preparation for compound acquisition or virtual screening / Cristian G. Bolgna, Marius M. Olah, and Tudor I. Oprea -- Bioinformatics platform development : from gene to lead compound / Alexis S. Ivanov ... [et al.].</subfield>
  </datafield>
  <datafield tag="650" ind1=" " ind2="0">
    <subfield code="a">Drug development.</subfield>
    <subfield code="9">111651</subfield>
  </datafield>
  <datafield tag="650" ind1=" " ind2="0">
    <subfield code="a">Bioinformatics.</subfield>
    <subfield code="9">1480</subfield>
  </datafield>
  <datafield tag="650" ind1=" " ind2="0">
    <subfield code="a">High throughput screening (Drug development)</subfield>
    <subfield code="9">111652</subfield>
  </datafield>
  <datafield tag="650" ind1=" " ind2="0">
    <subfield code="a">Combinatorial chemistry.</subfield>
    <subfield code="9">111653</subfield>
  </datafield>
  <datafield tag="650" ind1="1" ind2="2">
    <subfield code="a">Drug Design.</subfield>
    <subfield code="9">111654</subfield>
  </datafield>
  <datafield tag="650" ind1="2" ind2="2">
    <subfield code="a">Computational Biology</subfield>
    <subfield code="x">methods.</subfield>
    <subfield code="9">35437</subfield>
  </datafield>
  <datafield tag="650" ind1="2" ind2="2">
    <subfield code="a">Drug Evaluation, Preclinical.</subfield>
    <subfield code="9">111655</subfield>
  </datafield>
  <datafield tag="650" ind1="2" ind2="2">
    <subfield code="a">Genetic Techniques.</subfield>
    <subfield code="9">39270</subfield>
  </datafield>
  <datafield tag="650" ind1="2" ind2="2">
    <subfield code="a">Microarray Analysis.</subfield>
    <subfield code="9">941</subfield>
  </datafield>
  <datafield tag="650" ind1="2" ind2="2">
    <subfield code="a">Pharmacogenetics</subfield>
    <subfield code="x">methods.</subfield>
    <subfield code="9">111656</subfield>
  </datafield>
  <datafield tag="830" ind1=" " ind2="0">
    <subfield code="v">v. 316.</subfield>
    <subfield code="9">111660</subfield>
  </datafield>
  <datafield tag="700" ind1="1" ind2=" ">
    <subfield code="a">Larson, Richard S.</subfield>
    <subfield code="9">111658</subfield>
  </datafield>
  <datafield tag="830" ind1=" " ind2="0">
    <subfield code="a">Methods in molecular biology (Clifton, N.J.) ;</subfield>
    <subfield code="9">111661</subfield>
  </datafield>
  <datafield tag="942" ind1=" " ind2=" ">
    <subfield code="2">ddc</subfield>
    <subfield code="c">BK</subfield>
  </datafield>
  <datafield tag="999" ind1=" " ind2=" ">
    <subfield code="c">36625</subfield>
    <subfield code="d">36625</subfield>
  </datafield>
  <datafield tag="952" ind1=" " ind2=" ">
    <subfield code="0">0</subfield>
    <subfield code="1">0</subfield>
    <subfield code="2">ddc</subfield>
    <subfield code="4">0</subfield>
    <subfield code="7">1</subfield>
    <subfield code="8">NFIC</subfield>
    <subfield code="a">IBSc</subfield>
    <subfield code="b">IBSc</subfield>
    <subfield code="c">Stack</subfield>
    <subfield code="d">2010-06-20</subfield>
    <subfield code="e">Karim Internatinal</subfield>
    <subfield code="g">3590.00</subfield>
    <subfield code="l">0</subfield>
    <subfield code="o">615.19 BIO 2006</subfield>
    <subfield code="r">2014-08-04 00:00:00</subfield>
    <subfield code="t">C-1</subfield>
    <subfield code="w">2021-12-09</subfield>
    <subfield code="y">BK</subfield>
  </datafield>
</record>
